000 00550nam a2200217Ia 4500
003 OSt
005 20220928140537.0
006 a|||||r|||| 00| 0
007 ta
008 220927b |||||||| |||| 00| 0 eng d
024 _a9283
037 _cTextual
040 _aSDCL
_cSDCL
_beng
041 _2eng
_aeng
082 _aO-,3M04:gx, L2
100 _aRountree Thomas J Ed.
_9495797
245 0 _aCritics on Hawthorne.
260 _c1972
942 _hO-,3M04:gx, L2
_cTEXL
_2CC
999 _c812031
_d812031